|
|
|
|
| LEADER |
03020nam a2200469 4500 |
| 001 |
978-981-13-9144-6 |
| 003 |
DE-He213 |
| 005 |
20191023231704.0 |
| 007 |
cr nn 008mamaa |
| 008 |
190823s2019 si | s |||| 0|eng d |
| 020 |
|
|
|a 9789811391446
|9 978-981-13-9144-6
|
| 024 |
7 |
|
|a 10.1007/978-981-13-9144-6
|2 doi
|
| 040 |
|
|
|d GrThAP
|
| 050 |
|
4 |
|a QD415-436
|
| 072 |
|
7 |
|a PNN
|2 bicssc
|
| 072 |
|
7 |
|a SCI013040
|2 bisacsh
|
| 072 |
|
7 |
|a PNN
|2 thema
|
| 082 |
0 |
4 |
|a 547
|2 23
|
| 245 |
1 |
0 |
|a Heterocycles via Cross Dehydrogenative Coupling
|h [electronic resource] :
|b Synthesis and Functionalization /
|c edited by Ananya Srivastava, Chandan K. Jana.
|
| 250 |
|
|
|a 1st ed. 2019.
|
| 264 |
|
1 |
|a Singapore :
|b Springer Singapore :
|b Imprint: Springer,
|c 2019.
|
| 300 |
|
|
|a X, 494 p. 708 illus., 76 illus. in color.
|b online resource.
|
| 336 |
|
|
|a text
|b txt
|2 rdacontent
|
| 337 |
|
|
|a computer
|b c
|2 rdamedia
|
| 338 |
|
|
|a online resource
|b cr
|2 rdacarrier
|
| 347 |
|
|
|a text file
|b PDF
|2 rda
|
| 505 |
0 |
|
|a Functionalization of aromatic N-heterocycles with C(sp3)-H sources via CDC reactions -- Functionalization of aromatic N-heterocycles via C(sp2)-H/C(sp2)-H CDC reactions -- The C-1 Functionalization of Tetrahydroisoquinolines via Cross-Dehydrogenative Coupling Reactions -- Cross-Dehydrogenative Coupling in the Synthesis and Functionalization of Fused Imidazoheterocycles -- Cross-Dehydrogenative Coupling of Carbonyls for Heterocycles Synthesis.
|
| 520 |
|
|
|a This book discusses the developments in the synthesis and functionalization of different heterocycles based on the formation of carbon-carbon (C-C) and carbon-heteroatom (C-X) bonds using cross-dehydrogenative coupling (CDC). Consisting of 13 chapters, the book systematically describes the advances in the synthesis and functionalization of nitrogen, oxygen, and sulfur-containing heterocycles. It also discusses the various mechanistic pathways to help readers gain an in-depth understanding of the CDC reactions of heterocycles. Lastly, in order to promote green chemistry, it addresses a range of metal-free CDC reactions of heterocycles - an area that has attracted significant attention in both academic and industrial research. .
|
| 650 |
|
0 |
|a Organic chemistry.
|
| 650 |
|
0 |
|a Catalysis.
|
| 650 |
1 |
4 |
|a Organic Chemistry.
|0 http://scigraph.springernature.com/things/product-market-codes/C19007
|
| 650 |
2 |
4 |
|a Catalysis.
|0 http://scigraph.springernature.com/things/product-market-codes/C29000
|
| 700 |
1 |
|
|a Srivastava, Ananya.
|e editor.
|4 edt
|4 http://id.loc.gov/vocabulary/relators/edt
|
| 700 |
1 |
|
|a Jana, Chandan K.
|e editor.
|4 edt
|4 http://id.loc.gov/vocabulary/relators/edt
|
| 710 |
2 |
|
|a SpringerLink (Online service)
|
| 773 |
0 |
|
|t Springer eBooks
|
| 776 |
0 |
8 |
|i Printed edition:
|z 9789811391439
|
| 776 |
0 |
8 |
|i Printed edition:
|z 9789811391453
|
| 776 |
0 |
8 |
|i Printed edition:
|z 9789811391460
|
| 856 |
4 |
0 |
|u https://doi.org/10.1007/978-981-13-9144-6
|z Full Text via HEAL-Link
|
| 912 |
|
|
|a ZDB-2-CMS
|
| 950 |
|
|
|a Chemistry and Materials Science (Springer-11644)
|